[Event "13th Open"]
[Site "Ljubljana SLO"]
[Date "2002.06.24"]
[Round "3"]
[White "Soln,P"]
[Black "Zorko,Ju"]
[Result "0-1"]
[WhiteElo "2419"]
[BlackElo "2155"]

1.d4 Nf6 2.c4 e6 3.Nc3 Bb4 4.Nf3 b6 5.Bg5 Bb7 6.Qb3 a5 7.e3 h6 8.Bh4 g5 9.Bg3 d6
10.Bd3 Ne4 11.Qc2 Bxc3+ 12.bxc3 f5 13.d5 exd5 14.cxd5 Bxd5 15.Nd4 Qf6 16.f3 Nxg3
17.hxg3 Nd7 18.Bxf5 O-O-O 19.Kf2 Rhe8 20.Bg6 Rh8 21.Bf5 Rhe8 22.Qa4 Re7 23.g4 Kb8
24.Rab1 Bb7 25.Nc6+ Bxc6 26.Qxc6 Nc5 27.Rbc1 Rde8 28.Rhe1 h5 29.Qd5 hxg4
30.Bxg4 Rxe3 31.Rxe3 Rxe3 32.Qg8+ Ka7 33.Rh1 Qe5 34.Rf1 Re2+ 35.Kg1 Nd3 36.f4 Qe3+
37.Kh2 Nxf4 38.Bf3 d5 39.Qc8 Qe5 40.Kh1 Re1 41.Rxe1 Qxe1+ 42.Kh2 Qe5 43.c4 Ne2+
44.Kh1 Ng3+ 45.Kh2 Ne4+ 46.Kh1 Nf2+ 47.Kg1 Qe1+ 48.Kh2  0-1

[Event "Open"]
[Site "Velika Gorica CRO"]
[Date "2002.06.27"]
[Round "6"]
[White "Takac,Z"]
[Black "Majeric,Z"]
[Result "0-1"]
[WhiteElo "2132"]
[BlackElo "2344"]

1.d4 Nf6 2.Nf3 e6 3.c4 Bb4+ 4.Nc3 c5 5.a3 Ba5 6.e3 Ne4 7.Qc2 Nxc3 8.bxc3 O-O
9.Bd3 f5 10.O-O Bc7 11.e4 d6 12.Bg5 Qe8 13.exf5 exf5 14.Rae1 Qh5 15.d5 Nd7
16.Be7 Rf7 17.Ng5 Rxe7 18.Rxe7 Qxg5 19.Qe2 Ne5 20.Rxc7 f4 21.Be4 Qd8 22.Qh5 h6
23.Rxc8 Qxc8 24.g3 Qf8 25.Bf5 f3 26.Re1 Qf6 27.Be6+ Kh7 28.Re4 g6 29.Qh3 Qg5
30.Rf4 Kg7 31.Qf1 Rf8 32.h4 Qd8 33.Re4 g5 34.Qb1 b6 35.h5 Qe8 36.g4 Rf4 37.Rxf4 gxf4
38.Qe4 Nxg4 39.Qxf4 Ne5 40.Qg3+ Kh8 41.Qf4 Kg7 42.Qg3+ Kh7 43.Qh4 Qf8 44.Kf1 Kg7
45.Qg3+ Kh8 46.Qh4 Nd3 47.Qg4 Nf4 48.Qh4 Kh7 49.Ke1 Nd3+ 50.Kd1 Kh8 51.Kc2 Ne5
52.Kd1 a6 53.Kc2 Kh7 54.a4 Qe8 55.Kb3 Qf8 56.Qg3 Qg7 57.Qf4 Qg1 58.Bf5+ Kg7
59.Bc2 Qg4 60.Qxg4+ Nxg4 61.Be4 Ne5 62.a5 bxa5 63.Ka4 Kf6 64.Kxa5 Nxc4+ 65.Kxa6 Nd2
66.Bd3 Ke5 67.Kb6 Kxd5 68.Kc7 c4 69.Bc2 Ne4 70.Bd1 Nxc3 71.Bxf3+ Ke5 72.Bg4 d5
73.f4+ Ke4 74.f5 d4  0-1

[Event "ch-HUN Places"]
[Site "Balatonlelle HUN"]
[Date "2002.06.??"]
[Round "3"]
[White "Farago,I"]
[Black "Sax,G"]
[Result "1/2-1/2"]
[WhiteElo "2506"]
[BlackElo "2566"]

1.d4 Nf6 2.c4 e6 3.Nc3 Bb4 4.Nf3 c5 5.g3 cxd4 6.Nxd4 O-O 7.Bg2 d5 8.cxd5 Nxd5
9.Bd2 Nxc3 10.bxc3 Bc5 11.Nb3 Be7 12.O-O Qc7 13.Qc2 Nc6 14.c4 Bd7 15.Rad1  1/2-1/2

[Event "ch-SVK"]
[Site "Kaskady SVK"]
[Date "2002.07.03"]
[Round "7"]
[White "Stohl,I"]
[Black "Plachetka,J"]
[Result "1-0"]
[WhiteElo "2550"]
[BlackElo "2441"]

1.d4 Nf6 2.c4 e6 3.Nc3 Bb4 4.Nf3 c5 5.g3 d5 6.cxd5 exd5 7.Bg2 Ne4 8.O-O Nxc3
9.bxc3 Bxc3 10.Rb1 Nc6 11.dxc5 O-O 12.Bf4 Re8 13.Ng5 Bf6 14.Qxd5 Qxd5 15.Bxd5 Bxg5
16.Bxg5 Re5 17.Rfd1 h6 18.Be3 Re7 19.Bf3 Kh7 20.h4 Ne5 21.Be4+ f5 22.Bg2 a5
23.Rd8 Rc7 24.Bf4 Rxc5 25.Bxe5 Rxe5 26.Rc1  1-0

[Event "ch-SWE"]
[Site "Skara SWE"]
[Date "2002.07.03"]
[Round "4"]
[White "Ahlander,B"]
[Black "Akesson,R"]
[Result "1/2-1/2"]
[WhiteElo "2419"]
[BlackElo "2451"]

1.d4 Nf6 2.c4 e6 3.Nc3 Bb4 4.Nf3 c5 5.g3 O-O 6.Bg2 cxd4 7.Nxd4 d5 8.cxd5 Nxd5
9.Bd2 Bxc3 10.bxc3 e5 11.Nb5 Nc6 12.O-O Be6 13.Bc1 a6 14.c4 Nb6 15.Nd6 Nxc4
16.Nxb7 Qb6 17.Qb3 Nd4 18.Qxb6 Nxb6 19.Ba3 Rfb8 20.Bd6 Nxe2+ 21.Kh1 Re8 22.Rfe1 Nd4
23.Rxe5 Nc4 24.Rc5 Rac8 25.Rxc8 Bxc8 26.Bc5 Nc2 27.Rd1 Nb2 28.Rd8 Rxd8 29.Nxd8 Nd3
30.Bb6 Ndb4 31.a4 Kf8 32.Nc6 Nxc6 33.Bxc6 f5 34.Bc5+ Kf7 35.f4 Ke6 36.a5 Bd7
37.Bb7 Bb5 38.Bc8+ Kd5 39.Bb6 g6 40.Bb7+ Kc4 41.Kg1  1/2-1/2

[Event "XX Open"]
[Site "Andorra la Vella AND"]
[Date "2002.07.07"]
[Round "2"]
[White "Campos Moreno,J"]
[Black "Meijer,J"]
[Result "1-0"]
[WhiteElo "2493"]
[BlackElo "2265"]

1.d4 Nf6 2.c4 e6 3.Nc3 Bb4 4.Nf3 b6 5.Bg5 h6 6.Bh4 Bxc3+ 7.bxc3 Bb7 8.Nd2 d6
9.f3 Nbd7 10.e4 e5 11.Bd3 Qe7 12.Nf1 g5 13.Bf2 Nh5 14.Ne3 Ng7 15.O-O O-O
16.Re1 c5 17.Bc2 Rfc8 18.Ba4 Nf8 19.g3 Qe6 20.Qd3 Qg6 21.Rad1 h5 22.Nd5 Bxd5
23.exd5 Qxd3 24.Rxd3 f6 25.Bc6 Rab8 26.f4 Ng6 27.dxe5 fxe5 28.fxg5 e4 29.Rxe4 Ne5
30.Rde3 Rf8 31.Rxe5 dxe5 32.Rxe5 Nf5 33.Bd7 Nd6 34.Re7 Rf7 35.Be6 Kf8 36.Rxf7+ Nxf7
37.Be3 Nd8 38.Bf4 Rb7 39.Bc8 Rg7 40.Be5 Rxg5 41.Bf6 Rg8 42.Bxd8 Kg7 43.Be7 Rxc8
44.d6 Kf7 45.d7  1-0

[Event "Open"]
[Site "Oberwart AUT"]
[Date "2002.07.07"]
[Round "3"]
[White "Karner,C"]
[Black "Horvath,P1"]
[Result "1/2-1/2"]
[WhiteElo "2301"]
[BlackElo "2514"]

1.d4 Nf6 2.c4 e6 3.Nc3 Bb4 4.Nf3 c5 5.g3 cxd4 6.Nxd4 O-O 7.Bg2 d5 8.cxd5 Nxd5
9.Qb3 Na6 10.O-O Nxc3 11.bxc3 Be7 12.Rd1 Nc5 13.Qc2 Qa5 14.Be3 Qa4 15.Nb3 Nd7
16.Rd4 Qa6 17.Rad1 Ne5 18.Rb1 Nc6 19.Rdd1 e5 20.Nc5 Bxc5 21.Bxc5 Re8 22.Be4 g6
23.Qb2 Qc4 24.Bxc6 bxc6 25.Bd6 Bf5 26.Rbc1 Qe4 27.Qd2 Rad8 28.f3 Qc4 29.Qe3 Qxa2
30.g4 Bc8 31.c4 e4 32.Rd2 Qa5 33.Rcd1 exf3 34.Qxf3 Qg5 35.Bf4 Rxd2 36.Bxg5 Rxd1+
37.Kf2 Rd6 38.Bh6 Rde6 39.e3 Ba6 40.Qe2 c5 41.Qd2 g5 42.Bxg5 Bxc4 43.Qa5 a6
44.Qxc5 Bd3 45.Bf4 Be4 46.h4 h6 47.Kg3 Ra8 48.Be5 Bc6 49.Bc3 Rd8 50.Bd4 Rd5
51.Qa7 a5 52.Qb8+ Be8 53.Qf4 a4 54.g5 hxg5 55.hxg5 Rxg5+ 56.Qxg5+ Rg6 57.Kf4 Rxg5
58.Kxg5 Bd7 59.Kf6 Be6 60.Ke7 Kh7 61.Kd6 Kg6 62.Kc5 Kf5 63.Kb4  1/2-1/2

[Event "Open"]
[Site "Oberwart AUT"]
[Date "2002.07.08"]
[Round "4"]
[White "Horvath,P1"]
[Black "Zsinka,L"]
[Result "1-0"]
[WhiteElo "2514"]
[BlackElo "2359"]

1.d4 Nf6 2.c4 e6 3.Nc3 Bb4 4.Nf3 b6 5.Bg5 Bb7 6.e3 h6 7.Bh4 g5 8.Bg3 Bxc3+
9.bxc3 d6 10.Nd2 Qe7 11.f3 Nbd7 12.Qa4 c5 13.Bd3 a6 14.O-O-O O-O-O 15.Bf2 Kc7
16.e4 e5 17.Nf1 Qf8 18.Ng3 Ng8 19.Nf5 Ne7 20.Ne3 exd4 21.cxd4 cxd4 22.Nd5+ Nxd5
23.cxd5 Nc5 24.Qxd4 Kb8 25.Bc2 Rc8 26.Kb1 f6 27.h4 Qe7 28.Qb2 b5 29.Bd4 Rhf8
30.hxg5 hxg5 31.Rh6 f5 32.Rxd6 fxe4 33.fxe4 Qe8 34.Rf6 Rxf6 35.Bxf6 Qh5 36.Qe5+ Ka8
37.Qxg5 Qe2 38.Qd2 Qc4 39.Qd4 Qe2 40.Qd2 Qc4 41.Re1 b4 42.Qe2 Qxe2 43.Rxe2 a5
44.Bd4 Ba6 45.Rd2 Bc4 46.Bxc5 Rxc5 47.d6 Rc8 48.d7 Rd8 49.e5 Be6 50.Rd6  1-0

[Event "FSGM July"]
[Site "Budapest HUN"]
[Date "2002.07.09"]
[Round "4"]
[White "Pedersen,NV"]
[Black "Thorfinnsson,Br"]
[Result "1/2-1/2"]
[WhiteElo "2458"]
[BlackElo "2362"]

1.d4 Nf6 2.c4 e6 3.Nc3 Bb4 4.Nf3 b6 5.Bg5 Bb7 6.e3 h6 7.Bh4 g5 8.Bg3 Ne4
9.Qc2 Bxc3+ 10.bxc3 d6 11.Bd3 f5 12.d5 exd5 13.cxd5 Bxd5 14.Nd4 Qf6 15.Nxf5 Qxf5
16.f3 Bb7 17.fxe4 Qe6 18.e5 O-O 19.exd6 cxd6 20.O-O-O d5 21.Be2 Rf6 22.Rhf1 Nc6
23.Rxf6 Qxf6 24.Rxd5 Nb4 25.Rf5 Qe6 26.cxb4 Rc8 27.Bc7 Qxe3+ 28.Kd1 Qd4+
29.Ke1 Qxb4+ 30.Kf2 Qd4+ 31.Kf1 Qa1+ 32.Kf2 Qd4+ 33.Ke1 Qb4+ 34.Kd1 Qd4+
35.Kc1 Qe3+ 36.Kd1 Qd4+ 37.Kc1 Qe3+ 38.Kd1 Qd4+  1/2-1/2

[Event "3rd Stage Russian Cup"]
[Site "Tomsk RUS"]
[Date "2002.07.15"]
[Round "8"]
[White "Katalymov,B"]
[Black "Karpov,Vi"]
[Result "0-1"]
[WhiteElo "2401"]
[BlackElo "2175"]

1.d4 Nf6 2.c4 e6 3.Nc3 Bb4 4.Nf3 O-O 5.g3 d5 6.Qb3 Be7 7.Bg2 Nc6 8.cxd5 exd5
9.O-O Rb8 10.Bg5 Be6 11.Rac1 h6 12.Bxf6 Bxf6 13.e3 Ne7 14.Qa3 a6 15.Na4 Bd7
16.Nc5 Bb5 17.Rfd1 Qd6 18.Qb3 b6 19.Na4 g5 20.Nc3 Bc6 21.Ne1 Bg7 22.Nd3 Bb7
23.a4 Rfd8 24.a5 c5 25.Ne1 cxd4 26.exd4 bxa5 27.Nc2 Bc6 28.Qa2 a4 29.Rd2 Qd7
30.Re1 Rb3 31.Na1 Rb4 32.Qa3 a5 33.Nc2 Rb7 34.Nd1 Bf8 35.Qf3 Qf5 36.Qc3 Qd7
37.Qxa5 Rb5 38.Qc3 Rb3 39.Qc5 Nf5 40.Qa5 Ra8 41.Qxa8 Bxa8 42.Bh3 h5 43.f3 Rxf3
44.Nde3 Rxe3 45.Nxe3 g4 46.Nxf5 Bb4  0-1

[Event "3rd Stage Russian Cup"]
[Site "Tomsk RUS"]
[Date "2002.07.16"]
[Round "9"]
[White "Nigametzianov,M"]
[Black "Driamin,D"]
[Result "1-0"]
[WhiteElo "2254"]
[BlackElo "2323"]

1.d4 Nf6 2.Nf3 e6 3.c4 Bb4+ 4.Nc3 b6 5.Bg5 Bb7 6.e3 h6 7.Bh4 g5 8.Bg3 Ne4
9.Qc2 d6 10.Nd2 f5 11.Ndxe4 Bxe4 12.Qd2 Nd7 13.a3 Bxc3 14.Qxc3 Qf6 15.f3 Bb7
16.O-O-O O-O-O 17.Bd3 h5 18.Rhf1 h4 19.Be1 Rdg8 20.Qc2 g4 21.f4 h3 22.g3 Bf3
23.Rd2 Qg6 24.Qa4 a5 25.b4 axb4 26.axb4 Bg2 27.Rff2 Nf6 28.c5 dxc5 29.dxc5 Nd5
30.Bb5 Kd8 31.Qa7 bxc5 32.Qxc5 Qf6 33.Ra2 Nb6 34.Bc3 Qe7 35.Rfd2+ Bd5 36.Rxd5+ exd5
37.Ra8+ Nc8 38.Qxd5+  1-0

[Event "Open Aegean Ch"]
[Site "Ikaros GRE"]
[Date "2002.07.17"]
[Round "5"]
[White "Nazarov,V"]
[Black "Vasilevich,T"]
[Result "1/2-1/2"]
[WhiteElo "2195"]
[BlackElo "2425"]

1.c4 Nf6 2.Nc3 e6 3.d4 Bb4 4.Nf3 c5 5.Bg5 cxd4 6.Bxf6 Qxf6 7.Nxd4 Nc6 8.e3 Nxd4
9.Qxd4 Qxd4 10.exd4 Bxc3+ 11.bxc3 b6 12.Be2 Bb7 13.O-O Ke7 14.Rfb1 Ba6 15.Kf1 Rhc8
16.Rb4 Rc7 17.Ra4 Bb7 18.f3 Bc6 19.Rb4 Rac8 20.a4 d5 21.a5 bxa5 22.Rxa5 dxc4
23.Bxc4 Ba8 24.Ba6 Rd8 25.Ra3 Kf6 26.Kf2 e5 27.dxe5+ Kxe5 28.Ra5+ Kf6 29.Rc4 Rxc4  1/2-1/2

[Event "CAN&QC Open"]
[Site "Montreal CAN"]
[Date "2002.07.19"]
[Round "8"]
[White "Feoktistov,D"]
[Black "Urquhart,E"]
[Result "1-0"]
[WhiteElo "2019"]
[BlackElo "2214"]

1.d4 Nf6 2.c4 e6 3.Nc3 Bb4 4.Nf3 b6 5.e3 Bb7 6.a3 Bxc3+ 7.bxc3 d6 8.Bd3 O-O
9.O-O c5 10.a4 Nc6 11.Qe2 e5 12.e4 Re8 13.Bg5 h6 14.Bh4 Na5 15.Nd2 g5 16.Bg3 Bc8
17.f3 Nh5 18.d5 Kg7 19.Rfb1 Bd7 20.Nb3 Nxb3 21.Rxb3 Qc7 22.Qa2 Nxg3 23.hxg3 a6
24.Qb2 Reb8 25.Be2 Rb7 26.a5 b5 27.cxb5 axb5 28.Bxb5 c4 29.Bxc4 Rba7 30.Bb5 Rxa5
31.Rxa5 Rxa5 32.Bxd7 Qa7+ 33.Kh2 Qxd7 34.Rb7 Qd8 35.Qb6 Qxb6 36.Rxb6 Rc5
37.Rc6 h5 38.Rxc5 dxc5 39.c4 Kf6 40.g4 h4 41.Kg1 Ke7 42.Kf2 Kd6 43.Ke3 Kc7
44.Kd3 Kb6 45.Kc3 Ka5 46.Kb3 f6 47.Ka3 Ka6 48.Ka4 Kb6 49.d6 Kc6 50.Ka5  1-0

[Event "Lasker Mem Open"]
[Site "Barlinek POL"]
[Date "2002.07.23"]
[Round "5"]
[White "Shishkin,Va"]
[Black "Buczak,K"]
[Result "0-1"]
[WhiteElo "2396"]
[BlackElo "2246"]

1.d4 Nf6 2.c4 e6 3.Nc3 Bb4 4.Nf3 d6 5.g3 Bxc3+ 6.bxc3 b6 7.Bg2 Bb7 8.a4 Nbd7
9.a5 O-O 10.O-O Qe7 11.Bg5 h6 12.Bxf6 Nxf6 13.Nd2 Bxg2 14.Kxg2 Nd7 15.e3 f5
16.Qf3 e5 17.Qc6 Rac8 18.axb6 axb6 19.Ra7 Nf6 20.Qxb6 f4 21.e4 Ng4 22.Qb1 fxg3
23.hxg3 Qf7 24.Qe1 Qh5 25.Rh1 Qg5 26.f3 Ne3+ 27.Kh2 Rf6 28.Qe2 Rcf8 29.Ra2 h5
30.Qe1 h4 31.Kg1 hxg3 32.Rh3 Rxf3 33.Nxf3 Rxf3 34.Ra8+ Kf7 35.Rhh8 Rf1+ 36.Qxf1+ Nxf1
37.Raf8+ Kg6 38.Rxf1 Qe3+ 39.Kg2 Qe2+ 40.Kg1 Kg5 41.Rf5+ Kg4 42.Rhh5 Qe1+
43.Kg2 Qxe4+  0-1

[Event "24th Politiken Cup"]
[Site "Copenhagen DEN"]
[Date "2002.07.26"]
[Round "11"]
[White "Borvander,T"]
[Black "Tolstrup,T"]
[Result "1-0"]
[WhiteElo "2166"]
[BlackElo "2074"]

1.d4 Nf6 2.c4 e6 3.Nc3 Bb4 4.Nf3 c5 5.g3 cxd4 6.Nxd4 a6 7.Bg2 Qc7 8.Qb3 Bc5
9.Nf3 Nc6 10.Qd1 Rb8 11.O-O Be7 12.Bf4 d6 13.c5 e5 14.cxd6 Qxd6 15.Qxd6 Bxd6
16.Rfd1 Bc7 17.Bg5 Be6 18.Bxf6 gxf6 19.Nd2 f5 20.Nd5 Bxd5 21.Bxd5 Ne7 22.Bb3 O-O
23.Rac1 Rbc8 24.Nf3 Nc6 25.Rd7 Bd8 26.Rxb7 Bf6 27.Rb6 e4 28.Ne1 Nd4 29.Rxc8 Rxc8
30.Rxf6 Nxe2+ 31.Kf1 Nd4 32.Rd6 Nxb3 33.axb3 Rb8 34.Rxa6 Rxb3 35.Ra2 f4 36.gxf4 Kg7
37.Kg2 Kf6 38.Nc2 h5 39.Ne3 Kg6 40.h4 Kh7 41.f5 Rd3 42.Ra7 Rb3 43.Rxf7+ Kg8
44.Re7  1-0

[Event "6th Open"]
[Site "Korinthos GRE"]
[Date "2002.07.30"]
[Round "8"]
[White "Vasilevich,T"]
[Black "Grant,A"]
[Result "1/2-1/2"]
[WhiteElo "2425"]
[BlackElo "2195"]

1.d4 Nf6 2.c4 e6 3.Nc3 Bb4 4.Nf3 d6 5.g3 Nbd7 6.Bg2 O-O 7.O-O Re8 8.Qc2 c6
9.a3 Ba5 10.b4 Bc7 11.e4 e5 12.h3 Qe7 13.d5 a6 14.Be3 cxd5 15.cxd5 Bb6 16.Bxb6 Nxb6
17.Nd2 Bd7 18.Qb3 Rec8 19.a4 Rc7 20.a5 Rac8 21.Rfc1 Na4 22.Na2 Rxc1+ 23.Rxc1 Rxc1+
24.Nxc1 Bb5 25.Bf1 Qc7 26.Na2 Bxf1 27.Kxf1 b5 28.axb6 Nxb6 29.Kg2 g6 30.Nc3 Kg7
31.Ne2 Qd7 32.Nc3 Qc7 33.Ne2 Qd7 34.Nc3  1/2-1/2

[Event "Lost Boys Open"]
[Site "Amsterdam NED"]
[Date "2002.08.02"]
[Round "8"]
[White "Janssen,R"]
[Black "Werle,J"]
[Result "1-0"]
[WhiteElo "2468"]
[BlackElo "2443"]

1.d4 Nf6 2.c4 e6 3.Nc3 Bb4 4.Nf3 b6 5.Bg5 Bb7 6.e3 O-O 7.Bd3 h6 8.Bh4 Bxc3+
9.bxc3 d6 10.O-O Nbd7 11.Nd2 c5 12.f4 d5 13.e4 dxe4 14.Nxe4 Qe7 15.Qe2 Rfe8
16.Rae1 Bxe4 17.Bxe4 Rac8 18.Bb1 cxd4 19.cxd4 Qb4 20.Rc1 a6 21.Qd3 Rcd8 22.g4 g6
23.g5 Nh5 24.gxh6 Ndf6 25.Rc2 Qd6 26.Rd2 Rd7 27.Qe3 Ng4 28.Qe2 f5 29.Bg5 Kh7
30.Bc2 Rc8 31.Ba4 Rdc7 32.Bb3 a5 33.c5 bxc5 34.Qxe6 Rd7 35.Rc1 Nxh6 36.Qxd6 Rxd6
37.Be7  1-0

[Event "It"]
[Site "Montreal CAN"]
[Date "2002.08.05"]
[Round "11"]
[White "Barsov,A"]
[Black "Zugic,I"]
[Result "1/2-1/2"]
[WhiteElo "2550"]
[BlackElo "2450"]

1.d4 Nf6 2.c4 e6 3.Nc3 Bb4 4.Nf3 c5 5.g3 Ne4 6.Qd3 d5 7.Bg2 cxd4 8.Nxd4 Nc5
9.Qe3 O-O 10.O-O dxc4 11.Nc2 Bxc3 12.Qxc3 Na4 13.Qxc4 Nb6 14.Qh4 Qc7 15.Be3 Nd5
16.Rac1 Nc6 17.Bc5 Re8 18.Nd4 Nxd4 19.Bxd4 Qd8 20.Qe4 Bd7 21.Rfd1 Qe7 22.h4 a6
23.Qf3 Bc6 24.Bc5 Qf6 25.Qxf6 gxf6 26.Bd4 f5 27.e4 fxe4 28.Bxe4 Rad8 29.Be5  1/2-1/2

[Event "2nd CMA Futurity"]
[Site "Toronto CAN"]
[Date "2002.08.18"]
[Round "6"]
[White "Bluvshtein,M"]
[Black "Wang,H"]
[Result "1-0"]
[WhiteElo "2367"]
[BlackElo "2222"]

1.d4 Nf6 2.c4 e6 3.Nc3 Bb4 4.Nf3 c5 5.e3 O-O 6.Bd3 b6 7.O-O Bb7 8.Na4 cxd4
9.exd4 Be7 10.Bg5 d6 11.Nc3 Nbd7 12.Re1 Rc8 13.Qe2 Re8 14.b4 Qc7 15.Bf4 Qb8
16.a3 Qa8 17.Bg3 a6 18.Rad1 Bf8 19.Bb1 g6 20.Qd3 Nh5 21.Ba2 Nxg3 22.hxg3 Nf6
23.Re2 Rc7 24.Rde1 Rec8 25.Nh4 Bg7 26.Na4 Qa7 27.c5 bxc5 28.dxc5 dxc5 29.Nxc5 Bf8
30.Nxe6 fxe6 31.Bxe6+ Kg7 32.Bxc8 Bxc8 33.Rc2 Rd7 34.Qc4 Bb7 35.Nf3 Bd6 36.Ng5 Bd5
37.Qh4 Qb7 38.Ne6+ Kf7 39.Qh3 Qb6 40.Ng5+ Kg7 41.Nxh7 Qb7 42.Nxf6 Kxf6 43.Qh4+ Kf7
44.Rd2 Bf8 45.Qf4+ Kg8 46.Re8 Rf7 47.Qd6 Be4 48.Rxf8+ Rxf8 49.Qe6+ Kh8 50.Rd7 Qb5
51.Qe7  1-0

[Event "Saraybahce GP"]
[Site "Kocaeli TUR"]
[Date "2002.08.20"]
[Round "4"]
[White "Moiseenko,A"]
[Black "Gaprindashvili,V"]
[Result "0-1"]
[WhiteElo "2578"]
[BlackElo "2471"]

1.d4 e6 2.c4 Nf6 3.Nc3 Bb4 4.Nf3 c5 5.g3 Nc6 6.Bg2 Ne4 7.Qd3 cxd4 8.Nxd4 Nxc3
9.bxc3 Ne5 10.Qc2 Be7 11.Qb3 O-O 12.Bf4 Qc7 13.O-O d6 14.Nb5 Qc5 15.Be3 Qxc4
16.Nxa7 d5 17.Bd4 Qxe2 18.Nxc8 Rfxc8 19.Qxb7 Nc6 20.Rfe1 Qa6 21.Qxa6 Rxa6
22.Be3 Bf6 23.Rab1 Ne5 24.Bd4 Nc4 25.Re2 Bxd4 26.cxd4 Rca8 27.Rb4 Nd6 28.Bf1 g6
29.Rbb2 Ra4 30.Red2 Nf5 31.Bb5 Rxd4 32.Rdc2 Ra3 33.Rc7 h5 34.Kg2 Nd6 35.Be2 Kg7
36.Rd7 Nf5 37.h3 Rda4 38.Rbb7 Nh6 39.Bd1 Ra8 40.Bb3 Kf6 41.g4 hxg4 42.hxg4 g5
43.f3 Ke5 44.Kg3 Rc8 45.Re7 Rc3 46.Re8 f5 47.Rb6 Nxg4 48.Rexe6+ Kd4 49.Rb4+ Kc5
50.Rb8 Ne3 51.Kf2 f4 52.Ke2 Nc4 53.Rg8 Ra7 54.Rxg5 Rh7 55.Bxc4 Rh2+ 56.Kd1 Rxc4
57.Re2 Rxe2 58.Kxe2 Rc2+ 59.Ke1 Kd4 60.Rf5 Ke3 61.Re5+ Kxf3 62.a4 Ra2 63.Rxd5 Ra1+
64.Kd2 Rxa4 65.Rh5 Re4 66.Rh3+ Kg2 67.Rh4 Kg3 68.Rh8 f3 69.Rg8+ Kf2 70.Rg7 Rd4+
71.Kc3 Rd8 72.Kc2 Ke2 73.Re7+ Kf1 74.Kc3 f2 75.Rg7 Rd5 76.Kc4 Rd1 77.Kc3 Ke2
78.Re7+ Kf3 79.Rf7+ Kg2 80.Rg7+ Kh3  0-1

[Event "XIV Open"]
[Site "Porto San Giorgio ITA"]
[Date "2002.08.22"]
[Round "3"]
[White "Barsov,A"]
[Black "Naumkin,I"]
[Result "1/2-1/2"]
[WhiteElo "2550"]
[BlackElo "2436"]

1.d4 e6 2.c4 Nf6 3.Nc3 Bb4 4.Nf3 c5 5.g3 O-O 6.Bg2 cxd4 7.Nxd4 d5 8.cxd5 Nxd5
9.Qb3 Nc6 10.Nxc6 bxc6 11.O-O a5 12.Rd1 Qe7 13.Na4 Ba6 14.Qc2 Bd6 15.a3 f5
16.Bf3 Bb7 17.b3 h6 18.Bb2 e5 19.e4 fxe4 20.Bxe4 Rf6 21.Rd2 Raf8 22.Bg2 Kh8
23.h4 Bc8 24.Re1 Bxa3 25.Rxe5 Qd6 26.Nb6 Bxb2 27.Qxb2 Be6 28.Nxd5  1/2-1/2

[Event "22nd Open"]
[Site "Bratto ITA"]
[Date "2002.08.24"]
[Round "5"]
[White "Epishin,V"]
[Black "Guido,F"]
[Result "1-0"]
[WhiteElo "2643"]
[BlackElo "2327"]

1.d4 Nf6 2.c4 e6 3.Nc3 Bb4 4.Nf3 b6 5.e3 Bb7 6.Bd3 c5 7.O-O O-O 8.Re1 Bxc3
9.bxc3 Ne4 10.Bb2 d6 11.Qb3 Nd7 12.Rad1 Qc7 13.d5 Ndf6 14.Qc2 exd5 15.cxd5 Bxd5
16.c4 Bb7 17.Nh4 Qd8 18.Nf5 Re8 19.f3 g6 20.Nh6+ Kg7 21.Ng4 h5 22.Bxe4 Bxe4
23.fxe4 hxg4 24.Rf1 Re6 25.Rxf6  1-0

[Event "Open"]
[Site "Nikea GRE"]
[Date "2002.08.26"]
[Round "8"]
[White "Shahtahtinsky,A"]
[Black "Managadze,N"]
[Result "0-1"]
[WhiteElo "2302"]
[BlackElo "2428"]

1.d4 Nf6 2.c4 e6 3.Nc3 Bb4 4.Nf3 b6 5.Bd2 Bb7 6.a3 Bxc3 7.Bxc3 d6 8.e3 Ne4
9.Rc1 Nd7 10.Bd3 Qe7 11.O-O Nxc3 12.Rxc3 e5 13.Nd2 e4 14.Be2 O-O 15.f4 c5
16.dxc5 dxc5 17.Qb1 Rad8 18.Rd1 f5 19.Nf1 g5 20.g3 Qg7 21.Qc1 gxf4 22.exf4 Nb8
23.Ne3 Nc6 24.Rxd8 Rxd8 25.Nxf5 Nd4 26.Bg4 Qxg4 27.Nh6+ Kf8 28.Nxg4 Ne2+
29.Kf2 Nxc1 30.Rxc1 Rd2+ 31.Ke3 Rxb2 32.Rc3 Rb1 33.Nf6 h6 34.Nd5 Re1+ 35.Kd2 Rh1
36.Ke3 Rxh2 37.Kxe4 Re2+ 38.Kf3 Rd2 39.Ke3 Rd4 40.Nf6 Rd6 41.Ng4 Rg6  0-1

[Event "XIV Open"]
[Site "Porto San Giorgio ITA"]
[Date "2002.08.26"]
[Round "7"]
[White "Barsov,A"]
[Black "Cioara,A"]
[Result "1/2-1/2"]
[WhiteElo "2550"]
[BlackElo "2414"]

1.d4 Nf6 2.c4 e6 3.Nc3 Bb4 4.Nf3 b6 5.Qb3 Qe7 6.a3 Bxc3+ 7.Qxc3 Bb7 8.e3 d6
9.Be2 Nbd7 10.b4 c5 11.dxc5 bxc5 12.b5 O-O 13.Bb2 e5 14.O-O Ne4 15.Qb3 f5
16.a4 Rf6 17.Rad1 Rh6 18.g3 Qe6 19.a5 Rf8 20.b6 axb6 21.Bc1 Bc6 22.axb6 Rb8
23.Bd2 Rxb6 24.Qa3 g5 25.Qa7 f4 26.Qc7 Qh3 27.Rfe1 fxg3 28.fxg3 Nxg3 29.Qd8+ Nf8
30.e4 Nxe2+ 31.Rxe2 Qxf3 32.Rf1 Rb1 33.Be1 Rxe1 34.Rexe1 Qg4+ 35.Kh1 Bxe4+
36.Rxe4 Qxe4+ 37.Kg1 Qd4+ 38.Kh1 Qe4+ 39.Kg1 Qg4+ 40.Kh1 Qe4+ 41.Kg1  1/2-1/2

[Event "ch-FRA"]
[Site "Val d'Isere FRA"]
[Date "2002.08.28"]
[Round "9"]
[White "Dorfman,J"]
[Black "Sokolov,And"]
[Result "1/2-1/2"]
[WhiteElo "2617"]
[BlackElo "2587"]

1.d4 Nf6 2.c4 e6 3.Nc3 Bb4 4.Nf3 b6 5.Bg5 h6 6.Bh4 Bb7 7.e3 Bxc3+ 8.bxc3 d6
9.Nd2 g5 10.Bg3 Qe7 11.h4 Rg8 12.hxg5 hxg5 13.Rh6 Nbd7 14.Qa4  1/2-1/2

[Event "Open"]
[Site "Rostock GER"]
[Date "2002.08.29"]
[Round "2"]
[White "Doeppner,T"]
[Black "Kolbe,Jo"]
[Result "1/2-1/2"]
[WhiteElo "2188"]
[BlackElo "2044"]

1.d4 Nf6 2.c4 e6 3.Nc3 Bb4 4.Nf3 c5 5.g3 O-O 6.Bg2 d5 7.cxd5 Nxd5 8.Bd2 cxd4
9.Nxd5 Bxd2+ 10.Nxd2 exd5 11.Nb3 Nc6 12.O-O Re8 13.Re1 Bg4 14.h3 Bh5 15.g4 Bg6
16.Nxd4 Qb6 17.Nxc6 bxc6 18.b3 Be4 19.Rc1 Re6 20.e3 Bxg2 21.Kxg2 Rae8 22.Qd2 Qd8
23.Rg1 Qg5 24.Kh2 Qe5+ 25.Rg3 Rg6 26.Rc2 h5 27.Qd4 Qxd4 28.exd4 Re4 29.gxh5 Rf6
30.f3 Rxd4 31.Rcg2 Rd3 32.Rxg7+ Kf8 33.Rg8+ Ke7 34.Re2+ Kd6 35.Rg3 Rfxf3
36.Rxf3 Rxf3 37.Re8 Rf6 38.Kg3 d4 39.Kg4 Rh6 40.Kg5 Rh7 41.h6 Kd5 42.Rg8 Ke4
43.Rg7 Rh8 44.Rxf7 d3 45.Rd7 Ke3 46.Kg6 Rg8+ 47.Kf7 Rg3 48.Rxa7 Rxh3 49.Kg7 d2
50.Rd7 Ke2 51.h7 Rg3+ 52.Kf7 Rf3+ 53.Kg7 Rg3+ 54.Kf7  1/2-1/2

[Event "ch-FRA"]
[Site "Val d'Isere FRA"]
[Date "2002.08.29"]
[Round "10"]
[White "Bacrot,E"]
[Black "Lautier,J"]
[Result "1/2-1/2"]
[WhiteElo "2653"]
[BlackElo "2663"]

1.d4 Nf6 2.c4 e6 3.Nc3 Bb4 4.Nf3 c5 5.g3 Ne4 6.Qd3 Qa5 7.Qxe4 Bxc3+ 8.Bd2 Bxd2+
9.Nxd2 d6 10.Bg2 O-O 11.dxc5 dxc5 12.Qe3 Rd8 13.a3 Nc6 14.Rd1 Nd4 15.O-O Bd7
16.Nb3 Nxb3 17.Qxb3 Bc6 18.Bxc6 bxc6 19.Rxd8+ Rxd8 20.Rd1 h6 21.Kg2 Qc7 22.Rxd8+ Qxd8
23.Qb7 Qb6 24.Qxb6 axb6 25.e4 e5 26.f4 exf4 27.gxf4 Kf8 28.Kf3 g6 29.e5 Ke7
30.Ke4 f5+ 31.exf6+ Kxf6 32.a4 Ke6 33.Kd3 g5 34.fxg5 hxg5 35.Kc3 Ke5 36.b4 cxb4+
37.Kxb4 Kd6 38.h3 Kc7 39.c5 Kb7 40.cxb6 Kxb6 41.a5+ Ka6 42.Kc5 Kxa5 43.Kxc6 Ka6
44.Kd5 Kb6 45.Ke5 Kc6 46.Kf5 Kd6 47.Kf6 Kd7 48.Kxg5  1/2-1/2

[Event "GP"]
[Site "Izmir TUR"]
[Date "2002.09.02"]
[Round "6"]
[White "Mastrovasilis,A"]
[Black "Mchedlishvili,M"]
[Result "0-1"]
[WhiteElo "2461"]
[BlackElo "2550"]

1.d4 Nf6 2.c4 e6 3.Nc3 Bb4 4.Nf3 c5 5.g3 Nc6 6.Bg2 Ne4 7.Bd2 Bxc3 8.Bxc3 Nxc3
9.bxc3 d6 10.O-O O-O 11.Qd3 Qe7 12.Nd2 Bd7 13.f4 cxd4 14.cxd4 e5 15.d5 Nb4
16.Qc3 Na6 17.fxe5 Qxe5 18.Qxe5 dxe5 19.Nb3 Rac8 20.d6 Bc6 21.Bh3 Rcd8 22.c5 b6
23.Rac1 bxc5 24.Rfd1 Bd7 25.Bg2 Be6 26.Na5 Bd7 27.a3 Ba4 28.Rd2 Rd7 29.Bb7 Nb8
30.Rxc5 Rfd8 31.Rdd5 a6 32.Rc8 f6 33.Rxd8+ Rxd8 34.Rc5 Kf7 35.Bd5+ Kg6 36.Nb7 Rf8
37.Rc7 Bd7 38.Nc5 Rd8 39.e4 Bh3 40.Nb7 Rf8 41.Kf2 f5 42.exf5+ Bxf5 43.Ke3 Kf6
44.Nc5 Rd8 45.Nb7 Rf8 46.a4 Nd7 47.a5 Nb8 48.Bc4 h5 49.Nc5 Rd8 50.Nxa6 Nxa6
51.Bxa6 Rxd6 52.Be2 Bg4 53.Bd3 Bf5 54.Bb5 Rd5 55.Rb7 Rd1 56.a6 Ra1 57.a7 Ra3+
58.Kd2 Be4 59.Rb6+ Kg5 60.Ra6 Rb3 61.Be2 Ba8 62.Re6 Ra3 63.Ra6 Rb3 64.Re6 Ra3
65.Re7 g6 66.Rg7 Kf6 67.Rc7 Kg5 68.Bc4 Kg4 69.Be6+ Kg5 70.h4+ Kf6 71.Bc4 e4
72.Rd7 Ke5 73.Rg7 Kd4 74.Bg8 Bc6 75.Rc7 e3+ 76.Ke2 Bb5+ 77.Kd1 Ra1+ 78.Kc2 e2
79.Re7 Rxa7  0-1

[Event "FSIMB Sept"]
[Site "Budapest HUN"]
[Date "2002.09.13"]
[Round "7"]
[White "Kahn,E"]
[Black "Nemeth,Mi"]
[Result "0-1"]
[WhiteElo "2355"]
[BlackElo "2337"]

1.d4 Nf6 2.c4 e6 3.Nc3 Bb4 4.Nf3 c5 5.dxc5 Na6 6.Bd2 O-O 7.g3 Nxc5 8.Bg2 Bxc3
9.Bxc3 Nce4 10.Bxf6 Nxf6 11.O-O d5 12.cxd5 Nxd5 13.Qd4 b6 14.e4 Nf6 15.e5 Nd5
16.Nd2 Qe7 17.Ne4 Bb7 18.Nd6 Rad8 19.f4 Ba8 20.a4 Nc7 21.Bxa8 Rxa8 22.f5 exf5
23.Rxf5 Ne6 24.Qd5 Rad8 25.Raf1 Rd7 26.Qc4 Rc7 27.Qg4 Nd8 28.Rg5 Ne6 29.Rgf5 Nd8
30.Ne4 Rc6 31.Nf6+ Kh8 32.Rh5 h6 33.Qf4 Qc5+ 34.Kh1 Rxf6 35.exf6 Qxh5 36.fxg7+ Kxg7
37.Qf6+ Kg8 38.Rf4 Re8 39.Rf5 Qg6  0-1

[Event "VI Pablo Gorbea Mem"]
[Site "Madrid ESP"]
[Date "2002.09.21"]
[Round "6"]
[White "Rojo Huerta,G"]
[Black "Van Hoolandt,P"]
[Result "0-1"]
[WhiteElo "2326"]
[BlackElo "2163"]

1.d4 Nf6 2.c4 e6 3.Nf3 Bb4+ 4.Nc3 c5 5.g3 cxd4 6.Nxd4 O-O 7.Bg2 d5 8.cxd5 Nxd5
9.Bd2 Bxc3 10.bxc3 e5 11.Nb5 Nc6 12.O-O Be6 13.c4 Nb6 14.c5 Nc4 15.Bc1 Qe7
16.Nd6 Rfd8 17.Qa4 Nxd6 18.cxd6 Qxd6 19.Rb1 Nd4 20.Ba3 Nxe2+ 21.Kh1 Qd4 22.Rb4 Qd3
23.Rxb7 Bd5 24.Rxa7 Nxg3+  0-1